| 000 | 00667nam a2200193 i 4500 | ||
|---|---|---|---|
| 001 | 155924 | ||
| 003 | ES-MaACL | ||
| 005 | 20230906210244.0 | ||
| 008 | 040722q1897 ie |||| | eng d | ||
| 040 |
_aCAM _bspa _cCAM |
||
| 100 | 1 |
_aIngram, John Kells. _9128183 |
|
| 245 | 1 | 0 |
_aAuguste Comte and one of his critics / _cJohn K. Ingram. |
| 260 |
_a[Dublín : _bs.n., _c1897] |
||
| 300 |
_a7 p. ; _c21 cm. |
||
| 594 | _aTít. tomado de principio de texto y autor del final. | ||
| 596 | _aTexto fechado en Dublín 1897. | ||
| 600 | 1 | 4 |
_aComte, Auguste- _xCrítica e interpretación. _940057 |
| 852 |
_aES-MaACL _jT-791-F-2 _z- Enc. hol. _z- Enc. en un vol. facticio |
||
| 999 |
_c155924 _d155924 |
||